Catalog

Record Details

Catalog Search



Burning lamp  Cover Image Book Book

Burning lamp / Amanda Quick.

Quick, Amanda. (Author).

Record details

  • ISBN: 9780399156465 (hardcover)
  • ISBN: 0399156461 (hardcover)
  • Physical Description: xi, 340 pages ; 24 cm.
  • Publisher: New York : G.P. Putnam's Sons, c2010.
Subject: Secret societies > England > Fiction.
Psychic ability > Fiction.
Genre: Romantic suspense fiction.

Available copies

  • 1 of 1 copy available at scottsboropl.

Holds

  • 0 current holds with 1 total copy.
Show Only Available Copies
Location Call Number / Copy Notes Barcode Shelving Location Status Due Date
scottsboropl F Qui 32269000856776 Adult - Fiction Available -

LDR 00948pam a2200289 a 4500
001117972
003CONS
00520160330115314.0
008091120s2010 nyu 000 1 eng
010 . ‡a 2009047670
020 . ‡a9780399156465 (hardcover)
020 . ‡a0399156461 (hardcover)
035 . ‡a(CPomAG)LMN316517
043 . ‡ae-uk-en
05000. ‡aPS3561.R44 ‡bB87 2010
08200. ‡a813/.54 ‡222
1001 . ‡aQuick, Amanda.
24510. ‡aBurning lamp / ‡cAmanda Quick.
260 . ‡aNew York : ‡bG.P. Putnam's Sons, ‡cc2010.
300 . ‡axi, 340 pages ; ‡c24 cm.
4900 . ‡aDreamlight trilogy ; ‡v2
830 0. ‡aQuick, Amanda. ‡tArcane Society novel ; ‡v8
650 0. ‡aSecret societies ‡zEngland ‡vFiction.
650 0. ‡aPsychic ability ‡vFiction.
655 7. ‡aRomantic suspense fiction. ‡2gsafd
959 . ‡i32269000856776 ‡lF Qui ‡aAdult - Fiction ‡tFiction ‡g26.00
852 . ‡p32269000856776 ‡jF Qui ‡gAdult - Fiction ‡cFiction ‡y26.00 ‡bSBPL
901 . ‡a117972 ‡bUnknown ‡c117972 ‡tbiblio

Additional Resources